USC Football: Top 10 All-Time Leaders - Statistics

General Stats
  • This quiz has been taken 24 times
  • The average score is 12 of 42
Answer Stats
Category # Player Amount % Correct
Rushing Yards 8 Reggie Bush 3,169
95%
Passing Yards 3 Matt Leinart 10,693
85%
Passing Yards 2 Carson Palmer 11,818
80%
Passing Yards 7 Caleb Williams 8,170
75%
Passing Yards 9 Sam Darnold 7,229
65%
Receiving Yards 5 JuJu Smith-Schuster 3,092
60%
Rushing Yards 6 O.J. Simpson 3,423
60%
Receiving Yards 10 Keyshawn Johnson 2,796
55%
Passing Yards 5 Rob Johnson 8,472
55%
Rushing Yards 1 Charles White 6,245
50%
Rushing Yards 9 LenDale White 3,159
50%
Interceptions 3 Dennis Smith 16
45%
Receiving Yards 6 Steve Smith 3,019
45%
Rushing Yards 2 Marcus Allen 4,810
40%
Passing Yards 8 Kedon Slovis 7,576
25%
Passing Yards 1 Matt Barkley 12,327
25%
Receiving Yards 8 Robert Woods 2,930
25%
Receiving Yards 3 Dwayne Jarrett 3,138
20%
Receiving Yards 1 Marqise Lee 3,655
20%
Rushing Yards 7 Mike Garrett 3,221
20%
Passing Yards 6 Rodney Peete 8,225
20%
Rushing Yards 5 Ronald Jones II 3,619
20%
Interceptions T5 Ronnie Lott 13
20%
Passing Yards 10 John David Booty 6,125
15%
Rushing Yards 3 Anthony Davis 3,724
10%
Passing Yards 4 Cody Kessler 10,339
10%
Tackles 1 Keith Davis 481
10%
Rushing Yards 4 Ricky Bell 3,689
10%
Receiving Yards 9 Tyler Vaughns 2,801
10%
Interceptions 1 Artimus Parker 20
5%
Interceptions 4 Bobby Robertson 14
5%
Interceptions T5 Bruce Dyer 13
5%
Interceptions 2 Danny Reece 18
5%
Rushing Yards 10 Fred Crutcher 2,815
5%
Interceptions T5 Jim Hardy 13
5%
Receiving Yards 2 Johnnie Morton 3,201
5%
Receiving Yards 4 Kareem Kelly 3,104
5%
Receiving Yards 7 Keary Colbert 2,964
5%
Interceptions T5 Manuel Laraneta 13
5%
Sacks 1 Marcus Cotton 38.0
5%
Interceptions T5 Mark Carrier 13
5%
Interceptions T5 Mike Battle 13
5%
No matching quizzes found
Score Distribution
Percent of People with Each Score
Percentile by Number Answered
Your Score History
You have not taken this quiz